Josef Kemr : český Don Quijote /

Hlavní autor: Cais, Milan, 1939-
Jazyk: Čeština
Vydáno: Praha : Petrklíč, 1996
Vydání: Vyd. 1.
Témata:
Externí odkaz: Digitalizovaný dokument
Fyzický popis: 329 s. : il. ; 22 cm
Knihy
Uloženo v:
LEADER 01306nam a2200349 a 4500
001 000087886
003 CZ BrMZK
005 20190802093902.0
007 ta
008 960815s1996 xr f cze d
015 |a cnb000138042 
020 |a 80-85243-80-6 
035 |a (OCoLC)38002496 
040 |a BOA001  |b cze 
080 |a 792.071.028(437.1)"19":92 Kemr, Josef  |2 MRF 
080 |a 885.0-94  |2 MRF 
080 |a 929 Kemr, Josef  |2 MRF 
080 |a 791.44.071.2(437.1)"19":92 Kemr, Josef  |2 MRF 
100 1 |a Cais, Milan,  |d 1939-  |7 jk01020533  |4 com 
245 1 0 |a Josef Kemr :  |b český Don Quijote /  |c literárně zpracoval Milan Cais 
250 |a Vyd. 1. 
260 |a Praha :  |b Petrklíč,  |c 1996 
300 |a 329 s. :  |b il. ;  |c 22 cm 
500 |a Dostupné též v digitální podobě v aplikaci Kramerius 
653 0 |a Kemr, Josef 1922-1995  |a čeští herci 
856 4 1 |u http://www.digitalniknihovna.cz/mzk/uuid/uuid:69760a50-ba8e-11ee-8696-005056827e52  |y Digitalizovaný dokument  |x NDK 
910 |a BOA001  |b 2-1024.100  |b PK-0125.247 
920 |a 000071167 
964 |a Herci čeští  |x Kemr, Josef  |x vzpomínky 
964 |a Kemr  |b Josef  |f 1922-1995  |x herci čeští  |x vzpomínky 
990 |a BK 
996 6 |b 2610041209  |c 2-1024.100  |l MZK  |r Sklad / do 1 hodiny  |n 16  |p p.v.  |w 000087886  |u 000010  |a 1  |e BOA001  |j MZK50  |s P